000 01127nam a22002537a 4500
005 20240305165452.0
007 cr|||| ||||
008 170830s2016 es |||||s|||| 00||0 spa d
020 _a978-84-9085-504-1
035 _a20482
040 _avLex
090 _c6881
_d6881
100 1 _aNieto Morales, Concepción
245 1 3 _aLos efectos del trabajo en el personal sanitario
_h[Recurso electrónico] /
_cConcepción Nieto Morales, Lourdes Nieto Cabrera
256 _aServicio en línea
260 _aMadrid:
_bDykinson,
_c2016
300 _a1 recurso electrónico
506 1 _aDisponible solo en los productos indicados
_dvLex Global
_dvLex Global (Academic Edition, excluding Law Schools)
_dvLex Global (U.S. Academic Edition, Law Schools)
_dvLex Global (U.S. Academic Edition, excluding Law Schools)
_dvLex Global (Academic Edition, Law Schools)
650 0 4 _aDerecho Laboral y Seguridad Social
_zEspaña
650 0 4 _aDerecho Público y Administrativo
_zEspaña
740 0 _avLex Libros (Servicio en línea)
856 4 0 _uhttps://app.vlex.com/#/sources/efectos-trabajo-personal-sanitario-20482
942 _cRAA
999 _c165128
_d165128